[Event "Kalamazoo op07"]
[Site "Kalamazoo"]
[Date "2000.07.29"]
[Round "1"]
[White "Farmand, Farnood"]
[Black "Varner, Bill"]
[Result "1-0"]
[WhiteElo "1641"]
[BlackElo "870"]
[PlyCount "65"]
[EventDate "2000.07.29"]
[EventType "swiss"]
[EventRounds "5"]
[EventCountry "USA"]
[SourceTitle "EXT 2007"]
[Source "ChessBase"]
[SourceDate "2006.11.23"]
[SourceVersion "1"]
[SourceVersionDate "2006.11.23"]
[SourceQuality "1"]

1. c4 e5 2. Nc3 Nf6 3. Nf3 Nc6 4. d4 d6 5. dxe5 Nxe5 6. Nxe5 dxe5 7. Qxd8+ Kxd8 8. Bg5 Be7 9. 0-0-0+ Ke8 10. f3 Be6 11. Nb5 Kf8 12. Nxc7 Rc8 13. Nxe6+ fxe6 14. e4 b5 15. Bxf6 gxf6 16. Rd7 Bc5 17. Be2 Rg8 18. g3 Rg7 19. Rhd1 Bd4 20. Rxg7 Kxg7 21. b3 a5 22. Kb1 a4 23. cxb5 axb3 24. axb3 Rc3 25. Bc4 Rxf3 26. Bxe6 Rf2 27. Bc4 Rxh2 28. Rxd4 exd4 29. b6 d3 30. Bxd3 Rd2 31. b7 Rxd3 32. b8Q Rxg3 33. Qxg3+ 1-0

[Event "Kalamazoo op07"]
[Site "Kalamazoo"]
[Date "2000.07.29"]
[Round "2"]
[White "Varner, Bill"]
[Black "Maldonado, Florentino"]
[Result "0-1"]
[WhiteElo "870"]
[BlackElo "1245"]
[PlyCount "64"]
[EventDate "2000.07.29"]
[EventType "swiss"]
[EventRounds "5"]
[EventCountry "USA"]
[SourceTitle "EXT 2007"]
[Source "ChessBase"]
[SourceDate "2006.11.23"]
[SourceVersion "1"]
[SourceVersionDate "2006.11.23"]
[SourceQuality "1"]

1. d4 d5 2. Nc3 e6 3. e3 c5 4. Nf3 c4 5. Qe2 Nf6 6. e4 Bb4 7. Bd2 Bxc3 8. Bxc3 Nxe4 9. Bb4 Qb6 10. c3 Nc6 11. Ba3 Qa5 12. Qc2 b5 13. Nd2 Nxc3 14. Qxc3 b4 15. Bxb4 Qxb4 16. Qxb4 Nxb4 17. Kd1 Rb8 18. b3 c3 19. Nb1 c2+ 20. Kc1 cxb1Q+ 21. Kxb1 Rb7 22. Kb2 Rc7 23. a3 Nc6 24. Rc1 Bd7 25. Bb5 Ke7 26. Bxc6 Rxc6 27. Rc5 Rhc8 28. b4 e5 29. Re1 f6 30. f3 Kd6 31. b5 Rxc5 32. dxc5+ Rxc5 0-1